000 00256nam a2200097Ia 4500
001 1206539
005 20251020104835.0
008 250824s9999 xx 000 0 und d
245 0 _aBEN BİR GÜRGEN DALIYIM
_cHASAN ALİ TOPTAŞ
260 _bEVEREST YAYINLARI
999 _c1206539
_d1206539